00612nam a2200205 a 4500001001300000003000900013005001700022008004100039020002400080082002100104100001800125245007800143260005000221300000900271500003500280505003400315650001700349650002200366700001800388nice12345678IN_TiNIC20260116013100.0050524s1991 cama grp 000 0 eng  a0521584 c337500a305.4209582bTAP aTapper, Nancy aBartered Brides; Politics Gender and Marriage in an Afghan Tribal Society aCambridge bCambridge University Press c1991 a309p aincludes index and biblioraphy2 aAppendix, Bibliography, Index aMuslim Women aWomen-Afghanistan1 aTapper, Nancy